[Event "Finale Challenge Blitz BNP Paribas"]
[Site "Port Marly"]
[Date "2013.06.15"]
[Round "8.6"]
[White "Leconte, Maria"]
[Black "Bonnaud, Remy"]
[Result "0-1"]
[WhiteElo "2290"]
[BlackElo "2230"]
[PlyCount "118"]
[EventDate "2013.06.15"]
[EventType "match (rapid)"]
[EventRounds "15"]
[EventCountry "FRA"]
[SourceDate "2005.09.12"]

1. e4 d5 2. exd5 Qxd5 3. Nf3 Nf6 4. Be2 e5 5. d3 Nc6 6. Nc3 Qd6 7. O-O Be7 8.
Nb5 Qd8 9. h3 a6 10. Nc3 h6 11. Be3 Be6 12. Ne4 O-O 13. Nc5 Bc8 14. Qd2 b6 15.
Nb3 Be6 16. Nh2 Nd4 17. Nxd4 exd4 18. Bf4 Nd5 19. Bg3 Rc8 20. Ng4 Nf6 21. Ne5
Bd5 22. f4 c5 23. c4 dxc3 24. bxc3 Nd7 25. Ng4 Nf6 26. f5 Nxg4 27. Bxg4 Bf6 28.
Rae1 Qd7 29. Be5 Bxe5 30. Rxe5 f6 31. Re3 Rfe8 32. Rfe1 Bf7 33. Qe2 Rxe3 34.
Qxe3 Re8 35. Qf2 Rxe1+ 36. Qxe1 Bxa2 37. Qe3 Bf7 38. Kf1 a5 39. c4 Qd4 40. Qf3
Qa1+ 41. Kf2 Qb2+ 42. Kg3 Qe5+ 43. Kf2 Qd4+ 44. Ke2 Qe5+ 45. Kd2 Qb8 46. Kc2 b5
47. Bh5 bxc4 48. Bxf7+ Kxf7 49. Qd5+ Ke8 50. dxc4 Qe5 51. Qg8+ Kd7 52. Qxg7+
Kd6 53. Qxh6 Qxf5+ 54. Kb3 Qb1+ 55. Kc3 Qb4+ 56. Kd3 Qb3+ 57. Kd2 Qb2+ 58. Ke3
Qc1+ 59. Ke4 Qxh6 0-1

[Event "Finale Challenge Blitz BNP Paribas"]
[Site "Port Marly"]
[Date "2013.06.15"]
[Round "8.7"]
[White "Dumas, Charles"]
[Black "Commercon, Joachim"]
[Result "1-0"]
[WhiteElo "2260"]
[BlackElo "2100"]
[PlyCount "85"]
[EventDate "2013.06.15"]
[EventType "match (rapid)"]
[EventRounds "15"]
[EventCountry "FRA"]
[SourceDate "2005.09.12"]

1. e4 Nf6 2. e5 Nd5 3. d4 d6 4. Nf3 Bg4 5. Be2 e6 6. O-O Be7 7. h3 Bh5 8. c4
Nb6 9. b3 O-O 10. Nc3 Nc6 11. Bb2 Rb8 12. exd6 cxd6 13. d5 Bxf3 14. Bxf3 Ne5
15. Rc1 Nxf3+ 16. Qxf3 e5 17. Qe2 Nd7 18. Rce1 Nc5 19. f4 f6 20. fxe5 fxe5 21.
Ne4 Nxe4 22. Qxe4 Bf6 23. Ba3 Qd7 24. Qf5 Qe7 25. Qe4 Rbd8 26. Rf3 Qc7 27. Ref1
Qb6+ 28. Kh1 Qa5 29. Bc1 Qxa2 30. Bh6 Qa5 31. Qg4 Qc7 32. Rxf6 Rxf6 33. Rxf6
Re8 34. Re6 Rf8 35. Bg5 Qf7 36. Re7 Qf1+ 37. Kh2 Kh8 38. Bh6 g6 39. Bxf8 Qxf8
40. Rxb7 a5 41. h4 Qa8 42. Qd7 Qg8 43. Qe7 1-0

[Event "Finale Challenge Blitz BNP Paribas"]
[Site "Port Marly"]
[Date "2013.06.15"]
[Round "8.8"]
[White "Dutreuil, Raphael"]
[Black "Mayer, Philippe"]
[Result "0-1"]
[WhiteElo "2390"]
[BlackElo "2330"]
[PlyCount "109"]
[EventDate "2013.06.15"]
[EventType "match (rapid)"]
[EventRounds "15"]
[EventCountry "FRA"]
[SourceDate "2005.09.12"]

1. d4 Nf6 2. c4 e6 3. Nf3 b6 4. g3 Bb7 5. Bg2 g6 6. O-O Bg7 7. Nc3 d6 8. Qc2
O-O 9. Rd1 Nbd7 10. e4 Qe7 11. b3 c5 12. Bb2 cxd4 13. Nxd4 Nc5 14. b4 Na6 15.
a3 Nc7 16. Ndb5 Nxb5 17. Nxb5 Rfd8 18. Rd2 a6 19. Nc3 Nd7 20. Ne2 Bxb2 21. Qxb2
Ne5 22. Rc1 Rab8 23. f4 Nd7 24. Rcd1 Nf8 25. Qd4 Bc6 26. e5 Bxg2 27. exd6 Qb7
28. Nc3 Bf3 29. Re1 Nd7 30. Rf2 Re8 31. Qe3 Bc6 32. b5 axb5 33. cxb5 Bd5 34. h4
e5 35. f5 e4 36. h5 Ne5 37. h6 Nf3+ 38. Rxf3 Qd7 39. Qd4 f6 40. Rfe3 Bb7 41.
Qc4+ Qf7 42. Qxf7+ Kxf7 43. Nd5 Bxd5 44. Rd1 Re5 45. Re2 Rd8 46. Rc1 Rxf5 47.
Rc7+ Kg8 48. g4 Rf4 49. Rg7+ Kh8 50. Rc2 Rxg4+ 51. Kf2 e3+ 52. Kxe3 Re4+ 53.
Kd3 Re6 54. Rcc7 Rexd6 55. Rc6 0-1

[Event "Finale Challenge Blitz BNP Paribas"]
[Site "Port Marly"]
[Date "2013.06.15"]
[Round "9.1"]
[White "Dourerassou, Jonathan"]
[Black "Guliyev, Namig"]
[Result "1-0"]
[WhiteElo "2580"]
[BlackElo "2580"]
[PlyCount "144"]
[EventDate "2013.06.15"]
[EventType "match (rapid)"]
[EventRounds "15"]
[EventCountry "FRA"]
[SourceDate "2005.09.12"]

1. e4 c5 2. Nc3 Nc6 3. Nge2 d6 4. d4 cxd4 5. Nxd4 Nf6 6. Bg5 e6 7. Qd2 Bd7 8.
O-O-O a6 9. f4 b5 10. Bxf6 gxf6 11. Kb1 Qb6 12. Nxc6 Bxc6 13. f5 b4 14. Ne2 Qc5
15. fxe6 fxe6 16. Nf4 Bd7 17. Be2 a5 18. Bh5+ Ke7 19. Rhe1 Rg8 20. Bf3 Ra6 21.
e5 fxe5 22. Qd3 exf4 23. Qxa6 Rg5 24. Qd3 Bg7 25. Qxh7 a4 26. h4 Rg3 27. h5 b3
28. cxb3 axb3 29. axb3 Qg5 30. Rd5 Qf6 31. Rd2 e5 32. Qg8 Bf5+ 33. Ka2 Bf8 34.
Qc4 Qe6 35. Qc7+ Qd7 36. Rxe5+ Kf6 37. Qxd7 Bxd7 38. Re4 Bf5 39. Rxf4 Kg5 40.
Ra4 Be6 41. Ra8 Be7 42. Re2 Kf6 43. Ra4 Bf5 44. h6 Rg8 45. Be4 Be6 46. Bd3 Rb8
47. Bc4 Bf5 48. Ra7 d5 49. Bxd5 Bc5 50. Ra6+ Kg5 51. Ra5 Bb4 52. Ra4 Bd3 53.
Re6 Kf5 54. h7 Bc5 55. Rc6 Be3 56. Be6+ Ke5 57. Rc8 Rxc8 58. Bxc8 Bxh7 59. Ba6
Bc2 60. Bc4 Kd4 61. Be2+ Kd5 62. Bf3+ Kd6 63. Rc4 Bf5 64. Rc6+ Ke5 65. Ra6 Bd7
66. Ra5+ Kf4 67. Ra8 Bb5 68. Rf8+ Kg3 69. Rg8+ Kf2 70. Ka3 Bd3 71. Rf8 Bc1 72.
Be4+ Ke3 1-0

[Event "Finale Challenge Blitz BNP Paribas"]
[Site "Port Marly"]
[Date "2013.06.15"]
[Round "9.2"]
[White "Leconte, Jean-Olivier"]
[Black "Rene, Benoit"]
[Result "1-0"]
[WhiteElo "2330"]
[BlackElo "2430"]
[PlyCount "112"]
[EventDate "2013.06.15"]
[EventType "match (rapid)"]
[EventRounds "15"]
[EventCountry "FRA"]
[SourceDate "2005.09.12"]

1. e4 g6 2. d4 Bg7 3. Nc3 d6 4. Nf3 Nf6 5. Be3 a6 6. Bd3 O-O 7. O-O Nc6 8. d5
Nb4 9. Be2 a5 10. h3 c6 11. a3 Na6 12. Qd2 Bd7 13. Bh6 Nc5 14. Bxg7 Kxg7 15.
Qd4 cxd5 16. exd5 a4 17. Rfe1 Kg8 18. Bf1 Re8 19. Qh4 Kg7 20. Re3 Qb6 21. Rb1
Rac8 22. Qd4 Qc7 23. Rbe1 Bf5 24. g4 e5 25. dxe6 Nxe6 26. Rxe6 Rxe6 27. Rxe6
Bxe6 28. g5 Kg8 29. Qxf6 Qd7 30. h4 Rc5 31. Bg2 Bh3 32. Qf4 Bxg2 33. Kxg2 Rf5
34. Qe4 d5 35. Qg4 b5 36. Ne2 Qc7 37. Nfd4 Re5 38. c3 Re4 39. Qg3 Qd7 40. f3
Re3 41. Kf2 Re8 42. Qg4 Qe7 43. Qf4 Qd7 44. Kg3 Re7 45. Qg4 Qe8 46. Kf2 Re5 47.
Qf4 Re7 48. Ng3 Qd7 49. Nge2 Qh3 50. Qg3 Qd7 51. Qg4 Qe8 52. f4 Qd8 53. f5 Qd6
54. f6 Re8 55. Qf4 Qd7 56. Kf3 Qd8 1-0

[Event "Finale Challenge Blitz BNP Paribas"]
[Site "Port Marly"]
[Date "2013.06.15"]
[Round "9.3"]
[White "Sotelo, Renzo"]
[Black "Dumas, Charles"]
[Result "1/2-1/2"]
[WhiteElo "2230"]
[BlackElo "2260"]
[PlyCount "88"]
[EventDate "2013.06.15"]
[EventType "match (rapid)"]
[EventRounds "15"]
[EventCountry "FRA"]
[SourceDate "2005.09.12"]

1. e4 c5 2. Nf3 Nc6 3. Bb5 d6 4. O-O Bd7 5. c3 Nf6 6. Re1 a6 7. Ba4 b5 8. Bc2
Bg4 9. d3 g6 10. Bf4 Bg7 11. Nbd2 O-O 12. h3 Bxf3 13. Nxf3 Nd7 14. Qd2 Qb6 15.
Bh6 b4 16. Bxg7 Kxg7 17. c4 e5 18. Ba4 Rae8 19. Bxc6 Qxc6 20. a3 a5 21. axb4
axb4 22. Ra7 Ra8 23. Rea1 Rxa7 24. Rxa7 Ra8 25. Rxa8 Qxa8 26. Nh2 Qa1+ 27. Nf1
Nb8 28. f4 exf4 29. Qxf4 Qxb2 30. Qxd6 b3 31. Qxb8 Qc3 32. Qf4 b2 33. Nd2 Qc1+
34. Kh2 Kf8 35. Qd6+ Kg8 36. Qb8+ Kg7 37. Qe5+ Kg8 38. Qe8+ Kg7 39. Qe5+ Kg8
40. Qb8+ Kg7 41. Qe5+ Kg8 42. Qb8+ Kg7 43. Qe5+ Kg8 44. Qb8+ Kg7 1/2-1/2

[Event "Finale Challenge Blitz BNP Paribas"]
[Site "Port Marly"]
[Date "2013.06.15"]
[Round "9.3"]
[White "Bonnaud, Remy"]
[Black "Devallee, Jeremie"]
[Result "0-1"]
[WhiteElo "2230"]
[BlackElo "2190"]
[PlyCount "68"]
[EventDate "2013.06.15"]
[EventType "match (rapid)"]
[EventRounds "15"]
[EventCountry "FRA"]
[SourceDate "2005.09.12"]

1. e4 c5 2. c3 Nf6 3. e5 Nd5 4. d4 cxd4 5. Bc4 Nb6 6. Bb3 d6 7. exd6 e6 8. cxd4
Bxd6 9. Nf3 O-O 10. Nc3 Nc6 11. O-O Bd7 12. Re1 Rc8 13. Bg5 Be7 14. Bf4 Nb4 15.
Ne5 N4d5 16. Bd2 Be8 17. Rc1 f6 18. Nf3 Bf7 19. Qe2 Re8 20. Ne4 Bf8 21. Nc5
Bxc5 22. dxc5 Nd7 23. Qb5 Qc7 24. Bxd5 exd5 25. b4 Ne5 26. Nd4 Ng4 27. g3 Re4
28. Rxe4 dxe4 29. Bf4 Ne5 30. a4 Rd8 31. Nc2 Nf3+ 32. Kg2 Qxc5 33. bxc5 Be6 34.
Ne3 Bh3+ 0-1

[Event "Finale Challenge Blitz BNP Paribas"]
[Site "Port Marly"]
[Date "2013.06.15"]
[Round "9.4"]
[White "Mayer, Philippe"]
[Black "Dubois, Pierre"]
[Result "1-0"]
[WhiteElo "2330"]
[BlackElo "2170"]
[PlyCount "107"]
[EventDate "2013.06.15"]
[EventType "match (rapid)"]
[EventRounds "15"]
[EventCountry "FRA"]
[SourceDate "2005.09.12"]

1. d4 d5 2. Nf3 e6 3. c4 c5 4. g3 Nf6 5. cxd5 exd5 6. Bg2 c4 7. O-O Nc6 8. Nc3
Be7 9. Bf4 O-O 10. Ne5 Re8 11. Qd2 Bf8 12. Rad1 Bd7 13. Nxd5 Nxd5 14. Bxd5 Bh3
15. Bxf7+ Kh8 16. Bxe8 Qxe8 17. Nxc6 Qxc6 18. d5 Qe8 19. d6 Rd8 20. Rfe1 Rd7
21. Qd4 Rf7 22. Qxc4 b5 23. Qd4 Kg8 24. Rd3 a5 25. Re3 Qc6 26. Qe4 Qd7 27. Rd1
h6 28. f3 g5 29. Be5 Bf5 30. Qd4 Be6 31. Qc5 Rf5 32. Qc7 Bg7 33. Qxd7 Bxd7 34.
Bxg7 Kxg7 35. Re7+ Rf7 36. Rxf7+ Kxf7 37. e4 Ke6 38. Kf2 g4 39. f4 h5 40. Ke3
Kf6 41. Rd5 Ke6 42. Rxh5 Kf6 43. e5+ Ke6 44. Rh6+ Kd5 45. e6 Bxe6 46. Rxe6 Kxe6
47. Kd4 Kxd6 48. Ke4 Ke6 49. Kd4 Kf6 50. a3 Ke6 51. Kc5 b4 52. axb4 axb4 53.
Kxb4 Kd6 54. Kc3 1-0

[Event "Finale Challenge Blitz BNP Paribas"]
[Site "Port Marly"]
[Date "2013.06.15"]
[Round "9.6"]
[White "Kieffer, Anatole"]
[Black "Delaunay, Sebastien"]
[Result "0-1"]
[WhiteElo "2110"]
[BlackElo "2420"]
[PlyCount "65"]
[EventDate "2013.06.15"]
[EventType "match (rapid)"]
[EventRounds "15"]
[EventCountry "FRA"]
[SourceDate "2005.09.12"]

1. e4 c5 2. Nf3 e6 3. d4 cxd4 4. Nxd4 Nc6 5. Nxc6 bxc6 6. c4 Nf6 7. Nc3 e5 8.
Be3 Bb4 9. f3 O-O 10. Qc2 d5 11. a3 Bxc3+ 12. bxc3 dxe4 13. fxe4 Ng4 14. Bc5
Re8 15. Be2 Qh4+ 16. g3 Qh3 17. O-O-O Be6 18. Bf1 Qh6+ 19. Kb1 Rab8+ 20. Ka1
Ne3 21. Bxe3 Qxe3 22. Qd3 Qc5 23. Ka2 Qb5 24. Qb1 Bxc4+ 25. Ka1 Qa4 26. Qc1 Rb3
27. Bxc4 Rxa3+ 28. Kb1 Ra1+ 29. Kb2 Rb8+ 30. Bb3 Qxb3+ 31. Kxa1 Qa4+ 32. Qa3
Qxd1+ 33. Rxd1 0-1

[Event "Finale Challenge Blitz BNP Paribas"]
[Site "Port Marly"]
[Date "2013.06.15"]
[Round "9.7"]
[White "Commercon, Joachim"]
[Black "Dieu, Bruno"]
[Result "0-1"]
[WhiteElo "2100"]
[BlackElo "2360"]
[PlyCount "120"]
[EventDate "2013.06.15"]
[EventType "match (rapid)"]
[EventRounds "15"]
[EventCountry "FRA"]
[SourceDate "2005.09.12"]

1. e4 e6 2. d4 d5 3. Nc3 Bb4 4. e5 c5 5. a3 Bxc3+ 6. bxc3 Qc7 7. Bb5+ Bd7 8.
Bxd7+ Nxd7 9. Ne2 Ne7 10. O-O Rc8 11. Ra2 Nb6 12. Be3 Nc4 13. Bg5 Ng6 14. f3 h6
15. Bc1 O-O 16. f4 Ne7 17. Ng3 cxd4 18. cxd4 f5 19. Ne2 Nc6 20. Bd2 Qb6 21. c3
N6a5 22. Nc1 Qb1 23. Kf2 Rc6 24. Qc2 Nxd2 25. Qxd2 Rfc8 26. Ne2 Qb5 27. Rd1 Nc4
28. Qc2 a5 29. Rb1 Qa6 30. a4 Rb6 31. Raa1 Rxb1 32. Qxb1 Nd2 33. Qb2 Ne4+ 34.
Ke3 Qc6 35. Ra3 Kh7 36. g3 Rc7 37. Qb3 Qa6 38. Qb2 Qc4 39. Qb3 g5 40. Qb6 Qc6
41. Qxa5 gxf4+ 42. Kxf4 Rg7 43. Qd8 Qc4 44. Ke3 Ng5 45. Qa5 Nf7 46. Qb4 Qc7 47.
Rb3 Ng5 48. Qb6 Qe7 49. Qd6 Qf7 50. Rb6 Qh5 51. Qxe6 Nxe6 52. Rxe6 Qg5+ 53. Nf4
Rc7 54. Kd3 Qg4 55. Kc2 Qf3 56. Kb3 Qxc3+ 57. Ka2 Qc2+ 58. Ka3 Rc4 59. Re7+ Kg8
60. Re8+ Kf7 0-1

[Event "Finale Challenge Blitz BNP Paribas"]
[Site "Port Marly"]
[Date "2013.06.15"]
[Round "9.8"]
[White "Leruste, Georges"]
[Black "Dilllenschneider, Ernesto"]
[Result "1-0"]
[WhiteElo "2340"]
[BlackElo "2040"]
[PlyCount "65"]
[EventDate "2013.06.15"]
[EventType "match (rapid)"]
[EventRounds "15"]
[EventCountry "FRA"]
[SourceDate "2005.09.12"]

1. Nf3 c5 2. g3 g6 3. c3 Bg7 4. d4 Nf6 5. Bg2 O-O 6. O-O d6 7. Re1 Nbd7 8. d5
Ng4 9. Nfd2 b5 10. a4 b4 11. h3 Ngf6 12. e4 a5 13. Kh2 Ba6 14. f4 Qb6 15. Nf3
Ne8 16. Be3 Rb8 17. Bf2 Nc7 18. e5 Rfe8 19. Nbd2 bxc3 20. bxc3 Qb2 21. Rb1 Qxc3
22. Rxb8 Rxb8 23. exd6 exd6 24. Ne4 Qb2 25. Kg1 Bf8 26. h4 c4 27. Bd4 Qb7 28.
Bh3 Ne8 29. h5 Qxd5 30. Bxd7 f5 31. Neg5 Ng7 32. h6 Nh5 33. Be6+ 1-0

[Event "Finale Challenge Blitz BNP Paribas"]
[Site "Port Marly"]
[Date "2013.06.15"]
[Round "10.1"]
[White "Dumas, Charles"]
[Black "Dourerassou, Jonathan"]
[Result "0-1"]
[WhiteElo "2260"]
[BlackElo "2580"]
[PlyCount "64"]
[EventDate "2013.06.15"]
[EventType "match (rapid)"]
[EventRounds "15"]
[EventCountry "FRA"]
[SourceDate "2005.09.12"]

1. e4 c5 2. c3 b6 3. d4 Bb7 4. Bd3 e6 5. Nf3 Nf6 6. Qe2 Be7 7. O-O d5 8. e5
Nfd7 9. Nbd2 Nc6 10. Re1 Qc7 11. Nf1 O-O-O 12. a4 c4 13. Bc2 h6 14. b3 cxb3 15.
Bxb3 Na5 16. Ba2 Kb8 17. Bd2 g5 18. Rec1 Rc8 19. Be1 h5 20. N3d2 g4 21. c4 dxc4
22. Nxc4 Nxc4 23. Rxc4 Qd8 24. Rac1 Rxc4 25. Bxc4 Bg5 26. Bd2 Bxd2 27. Nxd2 Nf8
28. Qd3 Ng6 29. Qe3 Nh4 30. Bd3 Nxg2 31. Qg3 h4 32. Qxg4 Rg8 0-1

[Event "Finale Challenge Blitz BNP Paribas"]
[Site "Port Marly"]
[Date "2013.06.15"]
[Round "10.2"]
[White "Devallee, Jeremie"]
[Black "Leconte, Jean-Olivier"]
[Result "1-0"]
[WhiteElo "2190"]
[BlackElo "2330"]
[PlyCount "65"]
[EventDate "2013.06.15"]
[EventType "match (rapid)"]
[EventRounds "15"]
[EventCountry "FRA"]
[SourceDate "2005.09.12"]

1. e4 e6 2. Nf3 d5 3. e5 Bd7 4. a3 a5 5. b3 c5 6. Bb2 Nc6 7. d4 Nh6 8. Nc3 Nf5
9. Nb5 Be7 10. Be2 O-O 11. O-O Qb6 12. g4 Nfxd4 13. Nbxd4 cxd4 14. Bd3 Qc7 15.
Qe2 f6 16. exf6 Bxf6 17. g5 Be7 18. Nxd4 Nxd4 19. Bxd4 Bxg5 20. Qh5 Bh6 21. Be5
Qd8 22. f4 Be8 23. Qg4 Qe7 24. Rae1 Qc5+ 25. Kh1 Bc6 26. Qxe6+ Rf7 27. Bxh7+
Kxh7 28. Qxf7 d4+ 29. Kg1 d3+ 30. Rf2 dxc2 31. Qf5+ Kh8 32. Bxg7+ Bxg7 33. Qxc5
1-0

[Event "Finale Challenge Blitz BNP Paribas"]
[Site "Port Marly"]
[Date "2013.06.15"]
[Round "10.3"]
[White "Guliyev, Namig"]
[Black "Mayer, Philippe"]
[Result "1-0"]
[WhiteElo "2580"]
[BlackElo "2330"]
[PlyCount "101"]
[EventDate "2013.06.15"]
[EventType "match (rapid)"]
[EventRounds "15"]
[EventCountry "FRA"]
[SourceDate "2005.09.12"]

1. e4 c5 2. Nf3 e6 3. d4 cxd4 4. Nxd4 Nf6 5. Nc3 Nc6 6. Ndb5 Bc5 7. Bf4 O-O 8.
Bc7 Qe7 9. Bd6 Bxd6 10. Qxd6 Qd8 11. O-O-O a6 12. Nd4 Nxd4 13. Qxd4 b5 14. e5
Ne8 15. f4 Bb7 16. Qxd7 Qb6 17. Qd4 Qa5 18. a3 Nc7 19. Be2 Nd5 20. Nxd5 Bxd5
21. Bf3 Bxf3 22. gxf3 Rab8 23. Qb4 Qb6 24. Rd6 Qe3+ 25. Kb1 Qxf3 26. Rhd1 Ra8
27. R6d3 Qg2 28. R3d2 Qf3 29. Rd3 Qg2 30. R1d2 Qc6 31. Qd6 Qh1+ 32. Ka2 g6 33.
Rc3 Qe4 34. Rd4 Qg2 35. h4 h5 36. Rc7 Qf2 37. c4 bxc4 38. Rdxc4 Qf3 39. Rd7 Qe2
40. Rb4 a5 41. Rb3 Ra6 42. Qe7 Rc6 43. Rc7 Qc4 44. Rxc6 Qxc6 45. Qd6 Qc4 46.
Qd3 Qxd3 47. Rxd3 Rc8 48. b4 Rc4 49. b5 Rxf4 50. b6 Rc4 51. b7 1-0

[Event "Finale Challenge Blitz BNP Paribas"]
[Site "Port Marly"]
[Date "2013.06.15"]
[Round "10.4"]
[White "Rene, Benoit"]
[Black "Sotelo, Renzo"]
[Result "1-0"]
[WhiteElo "2430"]
[BlackElo "2230"]
[PlyCount "105"]
[EventDate "2013.06.15"]
[EventType "match (rapid)"]
[EventRounds "15"]
[EventCountry "FRA"]
[SourceDate "2005.09.12"]

1. Nf3 Nf6 2. g3 d5 3. Bg2 g6 4. O-O Bg7 5. d3 O-O 6. Nbd2 c5 7. e4 Nc6 8. c3
h6 9. Re1 e6 10. a3 b6 11. e5 Nd7 12. d4 cxd4 13. cxd4 Na5 14. Nf1 Ba6 15. h4
Rc8 16. N1h2 Qc7 17. b4 Nc4 18. Ng4 Kh7 19. Bf1 b5 20. Bf4 Nb2 21. Qd2 Nc4 22.
Qa2 Ndb6 23. Bd3 h5 24. Ngh2 Rh8 25. Qb1 Na4 26. Ng5+ Kg8 27. Nhf3 Rf8 28. Kg2
Bc8 29. Rg1 a5 30. bxa5 Qxa5 31. Rc1 Bd7 32. Qb4 Qxb4 33. axb4 Ra8 34. Nd2 Bf8
35. Rcb1 Kg7 36. Ngf3 Be7 37. Bg5 Bxg5 38. hxg5 h4 39. gxh4 Nxd2 40. Nxd2 Rxh4
41. Nf3 Rhh8 42. Kg3 Nc3 43. Rc1 Rxa1 44. Rxa1 Rb8 45. Ra7 Be8 46. Nh2 Ne4+ 47.
Bxe4 dxe4 48. Kf4 Bc6 49. Ke3 Bd5 50. Ng4 Rc8 51. Nh6 Rf8 52. Rc7 Bc4 53. Kxe4
1-0

[Event "Finale Challenge Blitz BNP Paribas"]
[Site "Port Marly"]
[Date "2013.06.15"]
[Round "10.5"]
[White "Delaunay, Sebastien"]
[Black "Bonnaud, Remy"]
[Result "0-1"]
[WhiteElo "2420"]
[BlackElo "2230"]
[PlyCount "74"]
[EventDate "2013.06.15"]
[EventType "match (rapid)"]
[EventRounds "15"]
[EventCountry "FRA"]
[SourceDate "2005.09.12"]

1. Nf3 d5 2. g3 Nf6 3. Bg2 c6 4. O-O Bf5 5. b3 e6 6. c4 Be7 7. d3 Nbd7 8. Bb2
a5 9. Nc3 O-O 10. Re1 h6 11. e4 dxe4 12. dxe4 Bg4 13. e5 Ne8 14. h3 Bh5 15. Qe2
Nc7 16. Rad1 Qc8 17. g4 Bg6 18. Ne4 Na6 19. Nd6 Qc7 20. h4 h5 21. Ng5 Bxg5 22.
hxg5 hxg4 23. Qxg4 Rad8 24. Qh4 Rfe8 25. Nxe8 Rxe8 26. Be4 Nf8 27. Rd3 Bxe4 28.
Rxe4 Ng6 29. Qg3 Nc5 30. Red4 Nxd3 31. Rxd3 Rd8 32. Rd6 Re8 33. Kg2 Ne7 34. Qd3
Nf5 35. Rd7 Qb6 36. Bc3 Nh4+ 37. Kg3 Nf5+ 0-1

[Event "Finale Challenge Blitz BNP Paribas"]
[Site "Port Marly"]
[Date "2013.06.15"]
[Round "10.6"]
[White "_|_, Bruno"]
[Black "Ljubotina, Lazo"]
[Result "1-0"]
[WhiteElo "2360"]
[BlackElo "2070"]
[PlyCount "57"]
[EventDate "2013.06.15"]
[EventType "match (rapid)"]
[EventRounds "15"]
[EventCountry "FRA"]
[SourceDate "2005.09.12"]

1. e4 g6 2. d4 Bg7 3. Nc3 e6 4. f4 d5 5. e5 Nd7 6. Nf3 Ne7 7. Bd3 c5 8. O-O Nc6
9. Nb5 O-O 10. c3 a6 11. Nd6 b5 12. Be3 b4 13. dxc5 bxc3 14. bxc3 Qa5 15. c4 d4
16. Nxd4 Nxd4 17. Bxd4 Nxc5 18. Be2 Rb8 19. Qc2 Bd7 20. Rab1 Bc6 21. Bf3 Bxf3
22. Rxf3 Rxb1+ 23. Qxb1 Na4 24. a3 Qd2 25. Qd3 Qxd3 26. Rxd3 Rb8 27. c5 Bf8 28.
c6 Bxd6 29. exd6 1-0

[Event "Finale Challenge Blitz BNP Paribas"]
[Site "Port Marly"]
[Date "2013.06.15"]
[Round "10.7"]
[White "Leconte, Maria"]
[Black "Leruste, Georges"]
[Result "1-0"]
[WhiteElo "2290"]
[BlackElo "2340"]
[PlyCount "67"]
[EventDate "2013.06.15"]
[EventType "match (rapid)"]
[EventRounds "15"]
[EventCountry "FRA"]
[SourceDate "2005.09.12"]

1. e4 d5 2. exd5 Qxd5 3. Nc3 Qa5 4. d4 Nf6 5. Bd2 Bg4 6. Be2 Bxe2 7. Qxe2 Nc6
8. Nf3 Qf5 9. O-O O-O-O 10. Be3 e6 11. a3 h6 12. b4 Bd6 13. b5 Ne7 14. a4 g5
15. Nd2 Ng4 16. h3 h5 17. Nc4 Bh2+ 18. Kh1 Bf4 19. a5 Nd5 20. Nxd5 exd5 21. Nd2
Rde8 22. Ra3 Qxc2 23. b6 a6 24. bxc7 Bd6 25. Rb3 Qf5 26. Rfb1 Rxe3 27. fxe3
Nf2+ 28. Kg1 Nxh3+ 29. gxh3 Qxh3 30. Nf1 Re8 31. Rxb7 Re4 32. Rb8+ Kxc7 33.
R1b7+ Kc6 34. Qxa6# 1-0

[Event "Finale Challenge Blitz BNP Paribas"]
[Site "Port Marly"]
[Date "2013.06.15"]
[Round "10.8"]
[White "Dutreuil, Raphael"]
[Black "Kieffer, Anatole"]
[Result "0-1"]
[WhiteElo "2390"]
[BlackElo "2110"]
[PlyCount "70"]
[EventDate "2013.06.15"]
[EventType "match (rapid)"]
[EventRounds "15"]
[EventCountry "FRA"]
[SourceDate "2005.09.12"]

1. d4 Nf6 2. c4 g6 3. Nc3 Bg7 4. e4 d6 5. f3 O-O 6. Be3 Nc6 7. Nge2 e5 8. d5
Ne7 9. h4 Nd7 10. h5 f5 11. hxg6 hxg6 12. Bh6 Bxh6 13. Rxh6 Kg7 14. Rh2 Nc5 15.
b4 Nd7 16. exf5 Nxf5 17. Ne4 Nf6 18. N2c3 Rh8 19. Rxh8 Qxh8 20. Nxf6 Qh4+ 21.
Kd2 Kxf6 22. Ne4+ Kg7 23. Bd3 Qf4+ 24. Kc3 Qe3 25. g4 Qd4+ 26. Kb3 Ne3 27. Qb1
a5 28. a4 axb4 29. Kxb4 Nxd5+ 30. Ka3 Nb6 31. Kb3 Be6 32. Nd2 d5 33. c5 Nxa4
34. Bxg6 Qc3+ 35. Ka2 Nxc5# 0-1

[Event "Finale Challenge Blitz BNP Paribas"]
[Site "Port Marly"]
[Date "2013.06.15"]
[Round "11.1"]
[White "Dourerassou, Jonathan"]
[Black "Rene, Benoit"]
[Result "0-1"]
[WhiteElo "2580"]
[BlackElo "2430"]
[PlyCount "87"]
[EventDate "2013.06.15"]
[EventType "match (rapid)"]
[EventRounds "15"]
[EventCountry "FRA"]
[SourceDate "2005.09.12"]

1. e4 c5 2. Nc3 a6 3. Nf3 e6 4. d4 cxd4 5. Nxd4 Qc7 6. g3 Bb4 7. Bd2 Nf6 8. Bg2
Nc6 9. Nde2 O-O 10. O-O Be7 11. h3 b5 12. a3 Bb7 13. Be3 Rfd8 14. g4 d5 15.
exd5 Nxd5 16. Nxd5 exd5 17. Nd4 Ne5 18. Nf5 Bf8 19. Bd4 Nc6 20. c3 g6 21. Ne3
Nxd4 22. Qxd4 Bg7 23. Qb4 Bf8 24. Qb3 d4 25. cxd4 Bxg2 26. Kxg2 Rxd4 27. Rac1
Qb7+ 28. Kg1 Rad8 29. Rfd1 Bh6 30. Rxd4 Rxd4 31. Qc3 Rd8 32. Qf6 Re8 33. Nf5
Bf8 34. Nd6 Bxd6 35. Qxd6 Qf3 36. Qg3 Qxg3+ 37. fxg3 Re2 38. Rc6 a5 39. Rb6
Rxb2 40. a4 b4 41. Rb5 b3 42. Rxa5 Ra2 43. Rb5 b2 44. Rd5 0-1

[Event "Finale Challenge Blitz BNP Paribas"]
[Site "Port Marly"]
[Date "2013.06.15"]
[Round "11.2"]
[White "Guliyev, Namig"]
[Black "Devallee, Jeremie"]
[Result "1-0"]
[WhiteElo "2580"]
[BlackElo "2190"]
[PlyCount "60"]
[EventDate "2013.06.15"]
[EventType "match (rapid)"]
[EventRounds "15"]
[EventCountry "FRA"]
[SourceDate "2005.09.12"]

1. e4 c5 2. Nf3 d6 3. d4 cxd4 4. Nxd4 Nf6 5. Nc3 g6 6. Be3 Bg7 7. f3 Nc6 8. Qd2
O-O 9. g4 Bxg4 10. fxg4 Nxg4 11. Nb3 a5 12. a4 Nxe3 13. Qxe3 Nb4 14. O-O-O Qd7
15. Bb5 Qe6 16. Kb1 Rfc8 17. Rhe1 Rc7 18. Nd5 Rxc2 19. Nd4 Qe5 20. Nxb4 Rxh2
21. Nd5 Rc8 22. Re2 Rxe2 23. Bxe2 f5 24. Nc3 f4 25. Qh3 Rb8 26. Qe6+ Qxe6 27.
Nxe6 Be5 28. Nd5 Kf7 29. Bg4 h5 30. Bh3 Ke8 1-0

[Event "Finale Challenge Blitz BNP Paribas"]
[Site "Port Marly"]
[Date "2013.06.15"]
[Round "11.3"]
[White "Leconte, Jean-Olivier"]
[Black "Leconte, Maria"]
[Result "1-0"]
[WhiteElo "2330"]
[BlackElo "2290"]
[PlyCount "68"]
[EventDate "2013.06.15"]
[EventType "match (rapid)"]
[EventRounds "15"]
[EventCountry "FRA"]
[SourceDate "2005.09.12"]

1. e4 e6 2. Nf3 d5 3. e5 c5 4. b4 Bd7 5. bxc5 Bxc5 6. d4 Be7 7. Bd3 Nc6 8. c3
Na5 9. O-O Rc8 10. Bb2 Nc4 11. Bc1 f6 12. Qe2 f5 13. Nfd2 b5 14. Kh1 a6 15. g4
Nxd2 16. Bxd2 Bg5 17. f4 Bh4 18. gxf5 Nh6 19. Qh5+ Nf7 20. fxe6 Bxe6 21. f5 g6
22. fxg6 hxg6 23. Qxg6 Qe7 24. a4 Kd7 25. Bf5 Rcf8 26. axb5 Rh6 27. Qg4 Kc7 28.
Rxa6 Bxf5 29. Rxf5 Rxa6 30. bxa6 Ng5 31. Bxg5 Bxg5 32. a7 Kb7 33. Rxg5 Rf1+ 34.
Kg2 Rf7 1-0